000 00208nam a22000857a 4500
008 160625b xxu||||| |||| 00| 0 eng d
245 _aNCERT
300 _aCompendium of Educational Statistics
942 _2ddc
_cBK
_eN.Y
999 _c969
_d969